000 00535nam a22002057a 4500
001 000197
003 DO-SdBNP
005 20180131115047.0
007 000197
008 151210b 1995 sp a 00| 0 spa d
020 _a8478941746
040 _aBPMSU
_bspa
_cBPMSU
100 1 _aAgudo López, Raúl
245 1 0 _aManual del globo terráqueo /
_cRaúl Agudo López.
260 _aMadrid ;
_bAglo,
_c1995.
300 _a56 ;
_bil., retrs.
_c22 cm.
942 _2ddc
_cBK
945 _aInventariado, 2018 /LP
956 _aYngrid Lockward
_b10
999 _c9349
_d9349